000 00762nam a2200217 a 4500
001 56033
003 BD-RjUL
005 20211209080339.0
008 161124s1951 ii ||||| |||| 00| 0 ben d
035 _a(BD-RjUL)56157
040 _aBD-RjUL
_bben
_cBD-RjUL
_dBD-RjUL
041 _aben
082 _223
_a572.58
_bPAV 1951
100 _aপাল, রুদেন্দ্র কুমার
_9166799
245 _aভাইটামিন /
_cরুদেন্দ্র কুমার পাল
260 _aকলিকাতা
_bবিশ্বভারতী গ্রন্থালয়
_c১৯৫১
300 _a৫৯ পৃ. ;
_c১৯ সেমি.
650 _aভিটামিন
_9166800
650 _aVitamins
_9166801
942 _2ddc
_cBK
999 _c56033
_d56033